Lịch sử văn học Việt Nam
Enregistré dans:
| Auteur principal: | |
|---|---|
| Format: | Livre |
| Tags: |
Ajouter un tag
Pas de tags, Soyez le premier à ajouter un tag!
|
| Thư viện lưu trữ: | Mạng thư viện Đại học Đà Nẵng |
|---|
| LEADER | 00808nam a2200217 4500 | ||
|---|---|---|---|
| 001 | 000003993 | ||
| 003 | 121 | ||
| 005 | 20150812140854.0 | ||
| 008 | 110713s sd | ||
| 100 | 0 | |a Bùi Văn Nguyên | |
| 245 | 0 | 0 | |a Lịch sử văn học Việt Nam |c Bùi Văn Nguyên |
| 774 | |a Bùi Văn Nguyên |b In lần 5 có sửa chữa |d Giaó dục |d H. |d 1978 |g Tập 1 |h 220 tr. |t Văn học dân gian, Ph.1 |w 125 | ||
| 774 | |a Bùi Văn Nguyên |b In lần 5 có sửa chữa |d Giaó dục |d H. |d 1978 |g Tập 2 |h 136 tr. |t Văn học viết. Thời kỳ I: Các giai đoạn I, II, và III |w 128 | ||
| OWN | |a LSP | ||
| 999 | |a From the UDN01 | ||
| TYP | |a Monograph | ||
| TYP | |a Printed language | ||
| 980 | |a Mạng thư viện Đại học Đà Nẵng | ||